Four studies on the economic development of Turkey / (Record no. 2923)
[ view plain ]
| 000 -LEADER | |
|---|---|
| fixed length control field | 01113cam a2200289 4500 |
| 001 - CONTROL NUMBER | |
| control field | 2923 |
| 003 - CONTROL NUMBER IDENTIFIER | |
| rucl marc code | BD-RjUL |
| 005 - DATE AND TIME OF LATEST TRANSACTION | |
| control field | 20211208233637.0 |
| 008 - FIXED-LENGTH DATA ELEMENTS--GENERAL INFORMATION | |
| fixed length control field | 131217s1967 enkab b 000 0 eng |
| 035 ## - SYSTEM CONTROL NUMBER | |
| System control number | (BD-RjUL)2951 |
| 040 ## - CATALOGING SOURCE | |
| Original cataloging agency | DLC |
| Transcribing agency | DLC |
| Modifying agency | DLC |
| Language of cataloging | eng |
| 041 ## - LANGUAGE CODE | |
| Language code of text/sound track or separate title | eng |
| 082 00 - DEWEY DECIMAL CLASSIFICATION NUMBER | |
| Classification number | 330.9561 |
| Edition number | 16 |
| Author mark and year | SHF 1967 |
| 100 1# - MAIN ENTRY--PERSONAL NAME | |
| Personal name | Shorter, Frederic Claiborne. |
| 9 (RLIN) | 9352 |
| 245 10 - TITLE STATEMENT | |
| Title | Four studies on the economic development of Turkey / |
| Statement of responsibility, etc. | Frederic C. Shorter (co-author and editor) [and others.] |
| 260 ## - PUBLICATION, DISTRIBUTION, ETC. (IMPRINT) | |
| Place of publication, distribution, etc. | London : |
| Name of publisher, distributor, etc. | Cass, |
| Date of publication, distribution, etc. | 1967. |
| 300 ## - PHYSICAL DESCRIPTION | |
| Pagination | [11], 145 p. |
| Illustrations | map, tables, diagrs. |
| Size | 22 cm. |
| 350 ## - PRICE (NR) (BK AM CF MU VM SE) [OBSOLETE] | |
| Price | 45/- |
| 504 ## - BIBLIOGRAPHY, ETC. NOTE | |
| Bibliography, etc | Includes bibliographies. |
| 505 0# - FORMATTED CONTENTS NOTE | |
| Formatted contents note | Introduction, by F. C. Shorter.--Politics and development policy, by D. A. Rustow.--Military expenditures and the allocation of resources, by F. C. Shorter.--Types of rural development, by J. F. Kolars.--Development of the financial system, by O. Yenal. |
| 526 ## - STUDY PROGRAM INFORMATION NOTE | |
| Requested Dept. | Economics |
| 651 #0 - SUBJECT ADDED ENTRY--GEOGRAPHIC NAME | |
| Geographic name | Turkey |
| General subdivision | Economic policy. |
| 9 (RLIN) | 9354 |
| 942 ## - ADDED ENTRY ELEMENTS (KOHA) | |
| Source of classification or shelving scheme | Dewey Decimal Classification |
| Koha item type | Books |
| Lost status | Source of classification or shelving scheme | Damaged status | Not for loan | Collection code | Permanent Location | Current Location | Shelving location | Date acquired | Source of acquisition | Cost, normal purchase price | Total Checkouts | Full call number | Date last seen | Copy number | Koha item type |
|---|---|---|---|---|---|---|---|---|---|---|---|---|---|---|---|
| Dewey Decimal Classification | Non-fiction | Central Library, University of Rajshahi | Central Library, University of Rajshahi | 25/03/1970 | ZEITLINGER | 90.00 | 330.9561 SHF 1967 | 17/12/2013 | C-2 | Books | |||||
| Dewey Decimal Classification | Not For Loan | Non-fiction | Central Library, University of Rajshahi | Central Library, University of Rajshahi | Reading Room | 25/03/1970 | ZEITLINGER | 90.00 | 330.9561 SHF 1967 | 17/12/2013 | C-1 | Books |